Teoría y práctica en educación matemática
Uloženo v:
| Hlavní autoři: | , |
|---|---|
| Médium: | Kniha |
| Jazyk: | španělština |
| Vydáno: |
Sevilla
Ediciones ALFAR
1990
|
| Vydání: | 1a. ed |
| Edice: | Colección Ciencias de la Educación, 4
|
| Témata: | |
| Tagy: |
Přidat tag
Žádné tagy, Buďte první, kdo vytvoří štítek k tomuto záznamu!
|
MARC
| LEADER | 00000cam a2200000 a 4500 | ||
|---|---|---|---|
| 001 | UCC7438 | ||
| 003 | CL-VaPUC | ||
| 008 | 190329e19900000sp |||||||||||||||||spa|d | ||
| 020 | |a 8486256860 | ||
| 082 | 0 | 4 | |a 511.8 |b LLI |2 21 |
| 100 | |a Llinares Ciscar, Salvador |e autor |9 602042 | ||
| 700 | 0 | |a Sánchez García, María Victoria |e author |9 602043 | |
| 245 | 1 | 0 | |a Teoría y práctica en educación matemática |
| 250 | |a 1a. ed | ||
| 300 | |a 384 p | ||
| 942 | |c BK | ||
| 945 | |d 20190329 16:06:00 |a dcastane | ||
| 260 | |a Sevilla |b Ediciones ALFAR |c 1990 | ||
| 650 | 0 | |a Modelos matemáticos |9 259437 | |
| 650 | 0 | |a Matemáticas |x Enseñanza |9 875527 | |
| 583 | |a last modification |c 20190329 16:06:00 |k Rodrigo Vera | ||
| 490 | 0 | |a Colección Ciencias de la Educación, 4 | |
| 999 | |c 374075 |d 374073 | ||
| 952 | |0 0 |1 0 |3 erb |4 0 |6 511_800000000000000_LLI_1990 |7 0 |8 A |9 492434 |a BIBMAT |b BIBMAT |c E_DIDACT |i 5540135 |o 511.8 LLI 1990 |p 5540135 |r 2025-01-07 |w 2019-11-24 |y BK |z Catalogado en:20190329 |k MAT | ||